01860aam a2200337 i 4500001001000000003001000010005001700020007000300037008004100040020001800081040001400099041000800113082002400121100005000145245007500195250002100270264005700291264001100348300001900359336002700378337003300405338002800438490001800466505083600484563001501320650002101335942000701356945001201363952013001375999001701505768714001CO-MdFUSB20260303213528.0ta260303t2001 sp |||| |||| 00| 0 spa d a84-301-1074-7 cCO-MdFUSB0 aspa04223a232.901bM3869v1 aMartín Descalzo, José Luis (1930-)eautor10aVida y misterio de Jesús de Nazaretc/ José Luis Martín Descalzo aoctava edición 1bEdiciones Sígueme,aSalamanca, España : c[2001] 4c©2001 a1311 páginas atextobtxt2rdacontent 2rdamediaasin mediaciónbn 2rdacarrieravolumenbnc aNueva Alianza tLos comienzos: aEl mundo en que vivió Jesús. -- El origen. -- Nacido de mujer. -- Belén: el comienzo de la gran locura. -- Los salvadores del Salvador. -- ¿Quién es Jesús? -- El profeta del fuego. -- Doce pescadores.tEl mensaje: aEl reino de Dios anunciado a los pobres. -- La mujer de los cinco maridos. -- Los signos del Reino. -- Las palabras de Jesús. leyes de Reino. -- Bienaventuranzas, las ocho locuras de Cristo. -- El padrenuestro. -- Los ciudadanos del Reino. -- Jesús, encarnación del Reino.tLa cruz y la gloria:aLa cruz en el centro. -- La conspiración. -- El misterio de Judas. -- El dia del triunfo. -- Treinta monedas. -- La última cena. -- Tomad y comed. -- Sudor de sangre. -- Ante el sanedrín. -- La gran marcha. -- Siete palabras. -- El Señor ha resucitado. -- Subió a los cielos. aPasta dura 7aCristianismo922 cBK aJTF-925 00102ddc40708GENaFUSBCbFUSBCd2026-03-03l0oG 232.901 M3869v p23985r2026-03-03 21:36:22tEj. 1w2026-03-03yBKB0k2 c42949d42949